Geografía de Estados Unidos con Mapa - Estadísticas

Estadísticas generales
  • Esta prueba ha sido intentada 40 veces
  • La puntuación promedio es 11 de 16
Respuestas en el mapa
Las respuestas están codificadas por una escala verde-roja en el mapa de la prueba según el % correcto abajo.
 
Estadísticas de respuestas
Respuesta % Correcto
Washington
100%
Texas
97%
Miami
94%
San Francisco
89%
Boston
83%
Carolina del Sur
83%
Hawái
83%
Maine
81%
Phoenix
78%
Lago Michigan
75%
Apalaches
53%
Monte Denali
42%
Lago Erie
39%
Memphis
39%
Monte Whitney
11%
Monte Elbert
8%
No se encontraron pruebas coincidentes
Distribución de puntuación
Porcentaje de gente con cada puntuación
Porcentaje por número respondido
Historial de tus puntuaciones
No has intentado esta prueba.